| 000 | 01327nam2a22002411 4500 | ||
|---|---|---|---|
| 001 | rc\4367990 | ||
| 005 | 20130416142253.8 | ||
| 035 | _a(NLR Aleph) 008539602 | ||
| 090 |
_a8338844 _c8338844 |
||
| 100 | _a20130416d1965 |||y0rusy50 ca | ||
| 101 | 0 | _arus | |
| 102 | _aRU | ||
| 105 | _ay z ||||| | ||
| 200 | 1 |
_aАстраханская, Волгоградская, Ростовская области и Калмыцкая АССР. Период 1951-1955 _f[Ред... Дородницкий, В.С. (отв. ред.) и др.] _hВып. 2 _iРукописные работы |
|
| 210 | _d1965 | ||
| 215 | _a340 с. | ||
| 461 | 0 |
_1001rc\4367873 _12001#$aГеологическая изученность СССР$e[Обзорные главы, рефераты, аннотации и библиогр. справки]$fГлав. ред.: ...В.В. Тихомиров (глав. ред.) [и др.]$gАН СССР. М-во геологии СССР. Комис. по геол. изученности СССР. Ордена Ленина Кольский филиал им. С.М. Кирова. Геол. ин-т Сев.-Зап. геол. упр. Т. 1-$vТ. 11 |
|
| 702 | 1 |
_aДородницкий _bВ. С. _4340 |
|
| 801 | 0 |
_aRU _bNLR _gpsbo |
|
| 801 | 1 |
_aRU _bELAR _2rusmarc |
|
| 852 |
_aNLR _j50К/236 |
||
| 942 | _cBOOK | ||
| 980 | _aNB | ||